000 00681nas a2200229 4500
001 BR9502875
003 BR-BrBNA
005 20231205094028.0
007 ta
008 230509b bl.|||p| |||| 00| 00por d
040 _aBR-BrBNA
_bpor
_cBiblioteca Nacional de Agricultura
041 _a(Pt)
072 _aF30
100 1 _aMiocque, J.Y.J.
245 1 _aO melhoramento da cana-de-acucar no Brasil
650 _aCana de Acucar
650 _aMelhoramento Genetico Vegetal
650 _aPrograma de Desenvolvimento
773 0 _tSTAB (Brazil)
_xISSN 0102-1214
_g(Mar-Apr 1993), v. 11(4) p. 24-28
_wBR9502875
909 _a202311
_bLúcia
_c55
_dLúcia Elande
942 _2AGRIS
_n0
_cANA
999 _c141671
_d141671